Il Libro decimo delle Istituzioni oratorie / (Record no. 174478)

MARC details
000 -LEADER
campo de control de longitud fija 01072nam a2200277 4500
001 - NÚMERO DE CONTROL
campo de control 174478
003 - IDENTIFICADOR DE NÚMERO DE CONTROL
campo de control ES-MaACL
005 - FECHA Y HORA DE LA ÚLTIMA TRANSACCIÓN
campo de control 20230906215536.0
008 - DATOS DE LONGITUD FIJA--INFORMACIÓN GENERAL
campo de control de longitud fija 100427s1937 it |||| |bspa d
080 ## - NÚMERO DE LA CLASIFICACIÓN DECIMAL UNIVERSAL
Número de la Clasificación Decimal Universal 82.085(035.3)"00"
100 1# - ENTRADA PRINCIPAL--NOMBRE DE PERSONA
Nombre de persona Quintiliano, Marco Fabio.
9 (RLIN) 131529
245 13 - MENCIÓN DEL TÍTULO
Título Il Libro decimo delle Istituzioni oratorie /
Mención de responsabilidad, etc. M. Fabio Quintiliano ; testo con prefazione e note per ...Giovanni Garino.
246 34 - FORMA VARIANTE DEL TITULO
Título propio/Titulo breve Libro X delle Istituzioni oratorie
246 30 - FORMA VARIANTE DEL TITULO
Título propio/Titulo breve Istituzioni oratorie.
Nombre de parte o sección de la obra Libro X
250 ## - MENCION DE EDICION
Mención de edición Nva. ed. [a cura di] Sisto Colombo.
260 ## - PUBLICACIÓN, DISTRIBUCIÓN, ETC.
Lugar de publicación, distribución, etc. Torino :
Nombre del editor, distribuidor, etc. Società Editrice Internazionale,
Fecha de publicación, distribución, etc. 1937.
300 ## - DESCRIPCIÓN FÍSICA
Extensión 104 p. ;
Dimensiones 21 p.
490 1# - MENCIÓN DE SERIE
Mención de serie Scrittori latini : commentati per le scuole ;
Designación de volumen o secuencia 64
500 ## - NOTA GENERAL
Nota general Índice de nombres propios.
650 04 - PUNTO DE ACCESO ADICIONAL DE MATERIA--TÉRMINO DE MATERIA
Término de materia o nombre geográfico como elemento de entrada Oratoria-
Subdivisión de forma Obras anteriores a 1800.
9 (RLIN) 15733
700 1# - ENTRADA AGREGADA--NOMBRE PERSONAL
Nombre de persona Garino, Giovanni.
9 (RLIN) 142610
700 1# - ENTRADA AGREGADA--NOMBRE PERSONAL
Nombre de persona Colombo, Sisto.
9 (RLIN) 142611
830 0# - PUNTO DE ACCESO ADICIONAL DE SERIE-TÍTULO UNIFORME
Título uniforme Scrittori latini : commentati per le scuole ;
Designación de volumen o secuencia 64
9 (RLIN) 223701
852 4# - LOCALIZACIÓN
Ubicación BA
Número de control de estantería C-57117
Nota libre . - Autógrafo de donante
Holdings
Estatus retirado Estado de pérdida Estado de daño No para préstamo Biblioteca de origen Biblioteca actual Ubicación en estantería Fecha de adquisición Fuente de adquisición Total de préstamos Signatura topográfica completa Código de barras Visto por última vez Precio de reemplazo Tipo de ítem Koha
        Biblioteca del Ateneo de Madrid Biblioteca del Ateneo de Madrid Depósito 2 27/04/2010     C-57117 1183155 23/02/2023 23/02/2023 Libro impreso